000 00559nam a2200229Ia 4500
003 OSt
005 20220924132440.0
006 a|||||r|||| 00| 0
007 ta
008 220923b |||||||| |||| 00| 0 hin d
024 _a57324
037 _cTextual
040 _aARTS
_cARTS
_bhin
041 _2hin
_ahin
082 _aP44:9, 152K5;2
100 _aVarma B
_9101054
245 0 _aBharitya Bhashaon ka Bhasa
260 _c1965
650 _aLINGUISTICS
942 _hP44:9, 152K5;2
_cTEXL
_2CC
999 _c430315
_d430315